000 00707nam a22002417a 4500
003 UA-OsUOA
001 26101
007 ta
008 20040512b un ||||| |||| 00| 0 ukr d
090 _a821.161.2
_bЧ-85
942 _cBK
040 _aUA-OsUOA
_bukr
_cUA-OsUOA
_dUA-OsUOA
245 _aЧуєш, брате мій
_bзбірник повстанських віршів
_cупор.: Б. Берекета, Ю. Хлопук
300 _a130 с.
955 _a3
041 _aukr
080 _a821.161.2
020 _a5-7707-2326-2
260 _aЛуцьк
_bВімпекс
_c1992
044 _aUA
650 7 _a82 Література. Літературознавство
_2UDC
999 _c312412
_d312412